000 00531nam a2200193Ia 4500
005 20260120132215.0
008 008 260114s9999 xx 000 0 eng d
020 _a9781383047844
037 _aEBOOK
040 _aCRL
_beng
_cCRL
041 _aeng
_2eng
084 _qCRL
100 _aMcNeil
_9936238
245 0 _aFermentation: A Practical Approach
260 _bOxford University PressOxford University Press
_c2023
856 _uhttps://academic.oup.com/book/53017
942 _cEBOOK
999 _c1528161
_d1528161